| 000 | 00498nam a22001937a 4500 | ||
|---|---|---|---|
| 003 | MPLRDC | ||
| 005 | 20220104123556.0 | ||
| 008 | 210129b ||||| |||| 00| 0 eng d | ||
| 020 | _a957-32-1950-6 | ||
| 082 | _a170.8 DZXL-2 v.5 | ||
| 100 | _a郑石岩 | ||
| 245 |
_a活出豪气来 _c |
||
| 250 | _a初版14刷 | ||
| 260 |
_a台湾 _b远流出版事业股份有限公司 _c1999 |
||
| 300 | _b202 | ||
| 490 | _a大众心理学. 5 | ||
| 650 | _a心理学总论 | ||
| 942 |
_cBK _o170.8 DZXL-2 v.5 |
||
| 999 |
_c12505 _d12495 |
||